000 00750nam a2200229 a 4500
999 _c3182
_d3182
001 3182
003 BD-JhCC
005 20171112172624.0
008 171111s1985 bg |||| |||| 000 0 ben d
035 _a(BD-JhCC)
040 _aBD-JhCC
_dBD-JhCC
041 _aben
082 _a338
_bKAD 1985
100 _aকাদের, আবেদীন
245 _aশিল্প বিপ্লব /
_cআবেদীন কাদের
260 _aঢাকা:
_bবাংলা একাডেমী ;
_c১৯৮৫
300 _a৯৩ পৃ.;
_c১৮ সেমি
490 _aSeries in honour of the Martyrs of the Language Movement of February 1952.
504 _aIncludes Bibliography
650 _aIndustrial evolution
942 _2ddc
_cBK